01474cam a2200433 4500003000900000005001700009020001500026035002700041035001800068035001800086041000700104044000700111082001700118100002600135245005400161264005900215300002800274505014300302526001000445526001000455526001000465526001000475526000800485526000800493526000800501526000800509526000800517526000800525526000800533610001900541942001400560949006400574859002500638910001000663596000600673999015000679980005500829952015600884PE-LiUPU20250731172924.0 a0943872561 a(Sirsi) i9780943872568 a(Sirsi) 20946 a(Sirsi) 20946 aen aus04a286.732bV211 aValentine, Gilbert M. aThe shaping of adventism /cGilbert M. Valentine. 1aBerrien Springs, MI :bAndrews university press,c1992 a307 páginas ;c24 cm.0 aA new england heritage -- College days -- Inky thumbs and party politics -- College president -- Education director and president at large aSEG42 aSEG41 aSEG40 aSEG39 aP94 aP87 aP86 aP85 aP77 aP76 aP35 aIASDxPioneros 2ddccBOOK a286.732 V21i43852lPOSTGRADOmBULtLIBROo.STAFF. Posgrado q43852 h286.732iV21 aaj-hd a1 a286.732 V21wDEWEYc20252i43852f2021-11-11g6lCCODEBUL1mBULr0sYtBOOKu2015-6-24xTEOLOGIAPP350COMPRAo.STAFF. Colección Generald20252 81gALBERTO SANCHEZ Responsable de Automatización r2025-12-02 00:00:00i7l0o286.732 V21p43852te1w2015-06-24xFTyBKzinventario-2023-12-13102ddc50708GENfP35aBULbBULcGENd2015-06-24eCOMPRA